000 00623nam a2200205Ii 4500
003 JO-AjNU
008 230605s9999||||xx |||||||||||||| ||und||
040 _aJO-AjNU
_bara
_erda
_cJO-AjNU
041 _aara
050 1 4 _aPJ7860.A37.H32 1974
100 3 _aالرافعي،مصطفى صادق,
_eauthor
_920799
245 0 0 _aحديث القمر
250 _aط7
264 3 1 _aبيروت: دار الكتاب الثقافي، 1974
300 _a127ص
336 _atext
_btxt
_2rdacontent
337 _aunmediated
_bn
_2rdamedia
338 _avolume
_bnc
_2rdacarrier
650 4 _aالنثر العربي - مصر
_920800
999 _aA7116
_c10684
_d10684